| 000 | 00514nam a2200169 i 4500 | ||
|---|---|---|---|
| 001 | 104380 | ||
| 003 | ES-MaACL | ||
| 005 | 20230906183603.0 | ||
| 007 | t| | ||
| 008 | 051129s1971 mx ||||1| spa d | ||
| 100 | 1 |
_aMillares Carlo, Agustín, _d1893-1980 _981176 |
|
| 245 | 1 | 0 |
_aHistoria de la literatura latina / _cpor Agustín Millares Carlo. |
| 260 |
_aMéxico : _bFondo de Cultura Económica, _c1971. |
||
| 300 |
_a250 p. ; _c18 cm. |
||
| 852 |
_aES-MaACL _jE-7438 _bR.91606 |
||
| 999 |
_c104380 _d104380 |
||